Điều khiển bằng khí nén trong tự động hóa kỹ nghệ
Trình bày những đặc điểm và tính chất của khí lực học, cách điều khiển, các cơ cấu cùng với vấn đề thực hành khác
Kaydedildi:
| Yazar: | |
|---|---|
| Diğer Yazarlar: | |
| Dil: | Undetermined |
| Baskı/Yayın Bilgisi: |
Đà Nẵng
Nxb. Đà Nẵng
2000
|
| Konular: | |
| Etiketler: |
Etiketle
Etiket eklenmemiş, İlk siz ekleyin!
|
| Thư viện lưu trữ: | Trung tâm Học liệu Trường Đại học Trà Vinh |
|---|
| LEADER | 00872nam a2200253Ia 4500 | ||
|---|---|---|---|
| 001 | TVU_232 | ||
| 008 | 210423s9999 xx 000 0 und d | ||
| 041 | |a Vie | ||
| 082 | |a 620.107 | ||
| 082 | |b R738 | ||
| 100 | |a Rohner, Peter | ||
| 245 | 0 | |a Điều khiển bằng khí nén trong tự động hóa kỹ nghệ | |
| 245 | 0 | |c Peter Rohner, Gordon Smitle ; Nguyễn Thành Trí (dịch) | |
| 260 | |a Đà Nẵng | ||
| 260 | |b Nxb. Đà Nẵng | ||
| 260 | |c 2000 | ||
| 300 | |a 400 tr. | ||
| 300 | |b minh họa | ||
| 300 | |c 21 cm | ||
| 520 | |a Trình bày những đặc điểm và tính chất của khí lực học, cách điều khiển, các cơ cấu cùng với vấn đề thực hành khác | ||
| 650 | |a Khí nén | ||
| 700 | |a Peter Rohner; Gordon Smitle; Nguyễn Thành Trí | ||
| 700 | |e dịch | ||
| 980 | |a Trung tâm Học liệu Trường Đại học Trà Vinh | ||